| 000 | 00000cas 2200000zi 4500 |
| 001 | 9.933254 |
| 003 | CaOODSP |
| 005 | 20260423135203 |
| 006 | m o d f |
| 007 | cr cn |||||||| |
| 008 | 240201c20229999oncar p o f0###b0fre|d |
| 022 | |a2819-0351 |
| 040 | |aCaOODSP|bfre|erda|cCaOODSP |
| 043 | |an-cn--- |
| 086 | 1 |aDP2-10F-PDF |
| 222 | 0|aSurveillance des contrôles internes |
| 245 | 00|aSurveillance des contrôles internes : |brapport final. |
| 264 | 1|a[Ottawa] : |bCommission d'examen des plaintes concernant la police militaire, |c[2021]- |
| 310 | |aAnnuel |
| 336 | |atexte|btxt|2rdacontent/fre |
| 337 | |ainformatique|bc|2rdamedia/fre |
| 338 | |aressource en ligne|bcr|2rdacarrier/fre |
| 362 | 1 |aParaît depuis : 2021/2022. |
| 500 | |aPublié aussi en anglais sous le titre : Internal controls monitoring : final report. |
| 500 | |a« Présenté par : Samson. » |
| 515 | |aLes livraisons de 2021/2022- également datées Version 31 décembre 2021- |
| 588 | |aDescription d'après : 2021/2022; titre de la page couverture du fichier PDF. |
| 588 | |aDernière livraison consultée : 2024/2025. |
| 610 | 16|aCanada. |bCommission d'examen des plaintes concernant la police militaire|vPériodiques. |
| 650 | 6|aFinances publiques|zCanada|xAudit|vPériodiques. |
| 655 | 7|aPériodiques|2rvmgf |
| 710 | 1 |aCanada. |bCommission d'examen des plaintes concernant la police militaire, |eorganisme de publication. |
| 710 | 2 |aSamson et associés, |eauteur. |
| 775 | 08|tInternal controls monitoring : |w(CaOODSP)9.933255 |